00662naa a2200157 i 45000010005000000030009000050050017000140080039000310400029000701000094000992450049001936500030002427730204002729420013004769990015004899920KOSZ 00520180411151516.0180411s1981 pl f f |000 0 pol cKOSZ 005/HRaKOSZ 005/HR1 aSOBOLEWSKI, Edward.d1978 - 1982bWyższa Szkoła Inżynierska - Instytut Budowy Maszyn10aBadanie wentylatorów /cEdward Sobolewski. 0aTermodynamika techniczna.0 iW :tMateriały pomocnicze do ćwiczeń laboratoryjnych z podstaw techniki cieplnej / pod red. Mariana Czapp. - dKoszalin : Wydaw. Uczelniane Wyższej Szkoły Inżynierskiej, 1981. -gs. 520-564 cROZ2UKD c9920d9920